Normal view
MARC view
Entry Topical Term
001 - CONTROL NUMBER
- control field: 12912
003 - CONTROL NUMBER IDENTIFIER
- control field: BD-RjUL
005 - DATE AND TIME OF LATEST TRANSACTION
- control field: 20240508164839.0
008 - FIXED-LENGTH DATA ELEMENTS
- fixed length control field: 240508|| aca||aabn | a|a d
040 ## - CATALOGING SOURCE
- Original cataloging agency: BD-RjUL
- Transcribing agency: BD-RjUL
150 ## - HEADING--TOPICAL TERM
- Topical term or geographic name entry element: Rice tribe
- Form subdivision: Gene action
670 ## - SOURCE DATA FOUND
- Source citation: Work cat.: (BD-RjUL)83693: Azam, Md. Ali 5739, Gene action and genotype - environment interaction in rice (Oryza sativa L,). /, 1981